Central Library OPAC University of Rajshahi

Interactive money & banking : (Record no. 2397)

MARC details
000 -LEADER
fixed length control field 01294pam a2200337 a 4500
001 - CONTROL NUMBER
control field 2397
003 - CONTROL NUMBER IDENTIFIER
rucl marc code BD-RjUL
005 - DATE AND TIME OF LATEST TRANSACTION
control field 20211208233536.0
008 - FIXED-LENGTH DATA ELEMENTS--GENERAL INFORMATION
fixed length control field 131211s1995 maua b 001 0 eng
020 ## - INTERNATIONAL STANDARD BOOK NUMBER
International Standard Book Number 155786456X (acidfree paper) :
International Standard Book Number 1557866910 (acidfree paper)
International Standard Book Number 1557866198 (instructor's resource manual : acidfree paper)
035 ## - SYSTEM CONTROL NUMBER
System control number (BD-RjUL)2424
040 ## - CATALOGING SOURCE
Original cataloging agency DLC
Transcribing agency DLC
Modifying agency DLC
-- BD-RjUL
Language of cataloging eng
041 ## - LANGUAGE CODE
Language code of text/sound track or separate title eng
082 00 - DEWEY DECIMAL CLASSIFICATION NUMBER
Classification number 332.10285
Edition number 20
Author mark and year YOI 1995
100 1# - MAIN ENTRY--PERSONAL NAME
Personal name Yohe, William P.
9 (RLIN) 7773
245 10 - TITLE STATEMENT
Title Interactive money & banking :
Remainder of title a microcomputer approach /
Statement of responsibility, etc. William P. Yohe.
260 ## - PUBLICATION, DISTRIBUTION, ETC. (IMPRINT)
Place of publication, distribution, etc. Cambridge, Mass., USA :
Name of publisher, distributor, etc. Blackwell Business,
Date of publication, distribution, etc. 1995.
300 ## - PHYSICAL DESCRIPTION
Pagination xiii, 721 p. :
Illustrations ill. ;
Size 24 cm. +
500 ## - GENERAL NOTE
General note Cover title: Interactive money and banking.
504 ## - BIBLIOGRAPHY, ETC. NOTE
Bibliography, etc Includes bibliographical references and index.
650 #0 - SUBJECT ADDED ENTRY--TOPICAL TERM
Topical term or geographic name as entry element Money
General subdivision Computer-assisted instruction.
9 (RLIN) 7774
Topical term or geographic name as entry element Monetary policy
Geographic subdivision United States
General subdivision Computer-assisted instruction.
9 (RLIN) 7775
Topical term or geographic name as entry element Interest rates
General subdivision Computer-assisted instruction.
9 (RLIN) 7776
Topical term or geographic name as entry element Bank management
General subdivision Computer-assisted instruction.
9 (RLIN) 7777
Topical term or geographic name as entry element Risk management
General subdivision Computer-assisted instruction.
9 (RLIN) 7778
942 ## - ADDED ENTRY ELEMENTS (KOHA)
Source of classification or shelving scheme Dewey Decimal Classification
Koha item type Books
Holdings
Lost status Source of classification or shelving scheme Damaged status Not for loan Collection code Permanent Location Current Location Shelving location Date acquired Source of acquisition Cost, normal purchase price Total Checkouts Full call number Date last seen Copy number Koha item type
  Dewey Decimal Classification     Non-fiction Central Library, University of Rajshahi Central Library, University of Rajshahi   15/03/2006 Paragon Ent. 64.95   332.10285 YOI 1995 11/12/2013 C-2 Books
  Dewey Decimal Classification   Not For Loan Non-fiction Central Library, University of Rajshahi Central Library, University of Rajshahi Reading Room 15/03/2006 Paragon Enterprises Dhaka 64.95   332.10285 YOI 1995 19/12/2016 C-1 Books